书目信息 |
| 题名: |
文史资料选编
|
|
| 作者: | ;政协北京市委员会文史资料委员会 编 | |
| 分册: | 第五辑上 北平地下党斗争史料专辑 | |
| 出版信息: | 北京 北京出版社 1979 |
|
| 页数: | 234页 | |
| 开本: | 20cm | |
| 丛书名: | ||
| 单 册: | ||
| 中图分类: | K291 , K206 | |
| 科图分类: | ||
| 主题词: | 文史资料--北京 , 中国--通史 | |
| 电子资源: | ||
| ISBN: | ||
| 000 | 00875nam0 2200265 450 | |
| 001 | 1538201369 | |
| 005 | 20150201103724.65 | |
| 010 | @dCNY0.72 | |
| 091 | @a11071.131 | |
| 100 | @a19950724d1979 em y0chiy0110 ea | |
| 101 | 0 | @achi |
| 102 | @aCN@b110000 | |
| 105 | @ay z 000yy | |
| 200 | 1 | @a文史资料选编@Awen shi zi liao xuan ji@h第五辑上@i北平地下党斗争史料专辑@h上@f中国人民政治协商会议北京市委员会文史资料委员会编 |
| 210 | @a北京@c北京出版社@d1979 | |
| 215 | @a234页@d20cm | |
| 300 | @a内部发行 | |
| 517 | 1 | @a北平地下党斗争史料专辑@Abei ping di xia dang dou zheng shi liao zhuan ji |
| 606 | 0 | @a文史资料@y北京 |
| 606 | 0 | @a中国@x通史 |
| 690 | @aK291@v3 | |
| 690 | @aK206@v4 | |
| 711 | 02 | @a政协北京市委员会文史资料委员会@Azheng xie bei jing shi wei yuan hui wen shi zi liao wei yuan hui@4编 |
| 801 | 0 | @aCN@bNLC@c20101222 |
| 905 | @aZUCC@dK206@eJY6:5:1 | |
| 文史资料选编.第五辑上.北平地下党斗争史料专辑.上/中国人民政治协商会议北京市委员会文史资料委员会编.-北京:北京出版社,1979 |
| 234页;20cm |
| 内部发行 |
| ISBN :CNY0.72 |
| ● |
| 相关链接 |
|
|
|
|
正题名:文史资料选编
索取号:K206/JY6:5:1
 
预约/预借
| 序号 | 登录号 | 条形码 | 馆藏地/架位号 | 状态 | 备注 |
| 1 | 7863986 | 278639868 | 学院路分馆/ [索取号:K206/JY6:5:1] | 在馆 |